000
00345nam a22001697a 4500
005
20260617153256.0
020
_a
978-81-993032-2-5
041
_a
English
082
_a
T13 R25 RAV
100
_a
Ravindran.C.R
245
_a
Maniyapera
250
_a
1
260
_a
Chennai
_b
NCBH
_c
2025
300
_a
376
365
_b
310.00
942
_c
BK
999
_c
177918
_d
177918